Type de Nen hunter x hunter - Statistiques

Statistiques générales
  • Ce quiz a été pris 256 fois
  • Le résultat moyen est 5 sur 9
Statistiques - réponses
Indice Réponse % Correct
Protection normale Ren
86%
permet d'économiser son nen Ten
76%
voler le nen des autres Hatsu
71%
permet d'arreter l'aura Zetsu
70%
Voir le nen Gyo
69%
Protection forte Ken
50%
Détection En
45%
Protection ou attaque puissante Ko
45%
Rendre le nen invisible In
25%
Aucun quiz correspondant
Distribution des résultats
% des personnes avec chaque résultat
Percentile par nombre de réponses
Votre historique - résultats
Vous n’avez pas pris ce quiz